000 00286nam a22001337a 4500
008 170920b xxu||||| |||| 00| 0 eng d
020 _a9781859951668
041 _aeng
080 _a7
100 _a45
101 _aART
245 _aTHE PRIDE OF LIFE
_cPAUL.P
942 _2udc
_cBK
999 _c28527
_d28527